Argentina National Team Players - Statistics

General Stats
  • This quiz has been taken 24 times
  • The average score is 14 of 29
Answer Stats
Position Club Player % Correct
GK Aston Villa Emiliano Martínez
100%
ATT Inter Miami Lionel Messi
100%
MID Liverpool Alexis Mac Allister
85%
ATT Atletico Madrid Julián Álvarez
85%
DEF Tottenham Hotspur Cristian Romero
80%
MID Chelsea Enzo Fernández
75%
MID Como Nico Paz
65%
DEF Benfica Nicolás Otamendi
60%
DEF Olympique Lyonnais Nicolás Tagliafico
60%
MID Inter Miami Rodrigo De Paul
60%
ATT Real Madrid Franco Mastantuono
55%
GK Olympique Marseille Gerónimo Rulli
50%
DEF Atletico Madrid Nahuel Molina
50%
MID Bayer Leverkusen Exequiel Palacios
45%
ATT Atletico Madrid Giuliano Simeone
45%
DEF River Plate Marcos Acuña
45%
ATT Atletico Madrid (loan from Juventus) Nicolás González
45%
DEF Estudiantes (loan from Inter Milan) Tomás Palacios
45%
GK Atletico Madrid Juan Musso
40%
MID Boca Juniors Leandro Paredes
40%
MID Atletico Madrid Thiago Almada
40%
MID Strasbourg Valentín Barco
25%
ATT Benfica Gianluca Prestianni
20%
DEF Bournemouth Marcos Senesi
20%
MID Como Máximo Perrone
20%
ATT Palmeiras Flaco López
15%
DEF Palmeiras Agustín Giay
10%
DEF River Plate Lucas Martínez Quarta
10%
DEF Racing Club Gabriel Rojas
5%
No matching quizzes found
Score Distribution
Percent of People with Each Score
Percentile by Number Answered
Your Score History
You have not taken this quiz